| 000 | 01502namaa2200421 i 4500 | ||
|---|---|---|---|
| 001 | 15556909 | ||
| 003 | EG-ScBUE | ||
| 005 | 20230521104735.0 | ||
| 008 | 170721t1989 ja abf f b 001 0 eng d | ||
| 020 | _a4770014961 | ||
| 035 | _a(dli)HEB33207 | ||
| 040 |
_aMiU _beng _erda _cMiU _dEG-ScBUE |
||
| 043 | _aa-ja--- | ||
| 082 | 0 | 4 |
_222 _a307.33620952135 _bBES |
| 100 | 1 |
_aBestor, Theodore C., _eauthor. |
|
| 245 | 1 | 0 |
_aNeighborhood Tokyo / _cTheodore C. Bestor. |
| 264 | 1 |
_aTokyo : _bKodansha International, _c[1989] |
|
| 264 | 4 | _cc1989 | |
| 300 |
_axvi, 347 p., [4] p. of plates : _billustrations, maps ; _c22 cm |
||
| 336 |
_atext _btxt _2rdacontent |
||
| 337 |
_aunmediated _bn _2rdamedia |
||
| 338 |
_avolume _bnc _2rdacarrier |
||
| 504 | _aIncludes bibliographical references and index. | ||
| 506 | _aAccess restricted by licensing agreement. | ||
| 588 | _aDescription based on print version. | ||
| 590 | _aAccess is available to the Yale community. | ||
| 650 | 7 |
_aNeighborhoods _zJapan _zTokyo. _2BUEsh |
|
| 651 | 7 |
_aTokyo (Japan) _xSocial conditions. _2BUEsh |
|
| 653 | _bGGEN | ||
| 655 | _vReading book | ||
| 730 | 0 | _aACLS Humanities E-Book. | |
| 773 | 0 |
_tACLS Humanities E-Book. _nURL: http://www.humanitiesebook.org/ |
|
| 776 | 1 |
_cOriginal _z0804714398 _w(DLC) 88012383 |
|
| 856 | 4 | 0 |
_yOnline book _uhttps://yale.idm.oclc.org/login?URL=http://hdl.handle.net/2027/heb.33207 |
| 942 |
_2ddc _cBB |
||
| 946 | _aDO NOT EDIT. DO NOT EXPORT. | ||
| 999 |
_c30430 _d30401 |
||